| 000 | 00855nam a22002177a 4500 | ||
|---|---|---|---|
| 003 | OSt | ||
| 005 | 20260312074708.0 | ||
| 008 | 260312b |||||||| |||| 00| 0 eng d | ||
| 020 | _a0-440-90158-8+ | ||
| 040 |
_aDWCL GS lib _cOC |
||
| 082 | _aL547s 1978 | ||
| 100 | _aL'ENGLE, MADELEINE | ||
| 245 |
_aA swiftly tilting planet _cMADELEINE L'ENGLE |
||
| 260 |
_aNew York _b Bantam Doubleday Dell Books for Young Readers _c1978 |
||
| 300 |
_a256 p _c17 cm |
||
| 520 | _a 15-year-old Charles Wallace Murry and a unicorn named Gaudior travel through time to prevent a nuclear war. | ||
| 650 | _afocusing on fifteen-year-old Charles Wallace Murry as he attempts to prevent a nuclear war | ||
| 650 | _ainterconnectedness, the power of individual actions across time, and the triumph of love over fear. | ||
| 700 | _aMADELEINE L'ENGLE | ||
| 942 |
_2ddc _cFIC. _n0 |
||
| 999 |
_c9055 _d9055 |
||